000 03927cam a2200409 i 4500
001 21240724
005 20240312090958.0
008 191011s2020 enk b 001 0 eng
010 _a 2019035523
020 _a9780367182052
_q(hardback)
020 _a9780367182069
_q(paperback)
020 _z9780429060090
_q(ebook)
040 _aDLC
_beng
_erda
_cDLC d DLC
042 _apcc
050 0 0 _aP94.6
_b.C6875 2020
082 0 0 _a302.23
_bCOU
100 1 _aCouldry, Nick,
_eauthor.
_9122092
240 1 0 _aEssays.
_kSelections
245 0 0 _aMedia voice space and power :
_bessays in refraction /
_cNick Couldry.
264 1 _aAbingdon, Oxon ;
_aNew York :
_bRoutledge,
_c2020.
300 _apages cm
336 _atext
_btxt
_2rdacontent
337 _aunmediated
_bn
_2rdamedia
338 _avolume
_bnc
_2rdacarrier
504 _aIncludes bibliographical references and index.
505 0 _aPreface: Analysis without Sorting Hats - Jonathan Gray -- Part One SPEAKING UP AND SPEAKING OUT -- Speaking Up in a Public Space: The Strange Case of Rachel Whiteread's House -- Local Magics, Global Discretion -- Speaking about Others and Speaking Personally: Reflections after Elspeth Probyn's Sexing the Self -- The Individual "Point of View": Learning from Bourdieu's The Weight of the World -- Part Two SPACES OF MEDIA, SPACES OF EXCLUSION -- Remembering Diana: The Geography of Celebrity and the Politics of Lack -- Passing Ethnographies: Rethinking the Sites of Agency and Reflexivity in a Mediated World -- The Umbrella Man: Crossing a Landscape of Speech and Silence -- On the Set of the Sopranos: "Inside" a Fan's construction of Nearness -- Teaching Us to Fake It: The Ritualised Norms of Television's "Reality" Games -- Class and Contemporary Forms of "Reality" Production Or, Hidden Injuries of Class -- Part Three: DEMOCRACY'S UNCERTAIN FUTURES -- Form and Power in an Age of Continuous Spectacle -- Living Well with and through Media -- What and Where is the Transnationalized Public Sphere? -- A Necessary Disenchantment: Myth, Agency and Injustice in the Digital Age -- Media in Modernity: A Nice Derangement of Institutions -- Afterword: Refracting Power in an Age of Big Data - Nick Couldry
520 _a"Nick Couldry is one of the world's leading analysts of media power and voice, and has been publishing widely for 25 years. This volume, published 20 years after The Place of Media Power, brings together a rich collection of essays from his earliest to his latest writings, some of them hard to access, plus two previously unpublished chapters. The book's 15 chapters cover a variety of themes from voice to space, from Big Data to democracy, from art to reality television. Taken together, they give a unique insight into the range of Couldry's interests and passions. Throughout, Couldry's commitment to connecting media research to wider debates in philosophy and social theory is clear. A substantial Afterword reflects on the common themes that run throughout his work and this volume, and the particular challenges of grasping media's contribution to social order in an age of datafication. A preface by leading US media scholar Jonathan Gray sets these essays in context. The result is an exciting and clearly-written text that will interest students and researchers of media, culture and social theory across the world"--
_cProvided by publisher.
650 0 _aMass media and culture.
_911397
650 0 _aMass media
_xInfluence.
_9122093
650 0 _aMass media
_xSocial aspects.
_9119420
650 0 _aMass media
_xMoral and ethical aspects.
_9122094
776 0 8 _iOnline version :
_aCouldry, Nick
_tMedia voice space and power
_dNew York : Routledge, 2020.
_z9780429060090
_w(DLC) 2019035524
856 _uhttp://10.250.8.41:8080/xmlui/handle/123456789/42546
906 _a7
_bcbc
_corignew
_d1
_eecip
_f20
_gy-gencatlg
942 _2ddc
_cBK
999 _c608662
_d608662